00553nam a2200205Ia 450000500170000000800410001702000130005804000190007104100120009008200140010210000190011624500610013526000340019630000160023050400190024665000140026565100320027970000260031185000100033720240229110618.0131103s9999 xx 000 0 und d a41675107 aLoreto College aEnglish a371 bCHA aChanan,Gabriel aWhat School Is For, cGabriel Chanan & Linda Gilchrist aLondonbMethuen and Co.c1974 avii,133 p.  aIncludes index aEducation aSchool and their activities aGilchrist,Linda,auth. aLCLIB